NLSUI OPAC header image

Evidence (Record no. 32072)

MARC details
000 -LEADER
fixed length control field 01585nam a2200229Ia 4500
003 - CONTROL NUMBER IDENTIFIER
control field OSt
005 - DATE AND TIME OF LATEST TRANSACTION
control field 20210518121220.0
008 - FIXED-LENGTH DATA ELEMENTS--GENERAL INFORMATION
fixed length control field 160316s2010 xxu||||| |||| 00| 0 eng d
020 ## - INTERNATIONAL STANDARD BOOK NUMBER
International Standard Book Number 9781847036063
040 ## - CATALOGING SOURCE
Transcribing agency N
082 ## - DEWEY DECIMAL CLASSIFICATION NUMBER
Classification number 347.060000
Item number PHI-Sup
100 ## - MAIN ENTRY--PERSONAL NAME
Personal name Phipson Sidney L
245 ## - TITLE STATEMENT
Title Evidence
250 ## - EDITION STATEMENT
Edition statement 17th
260 ## - PUBLICATION, DISTRIBUTION, ETC.
Place of publication, distribution, etc. London
Name of publisher, distributor, etc. Sweet & Maxwell
Date of publication, distribution, etc. 2010
300 ## - PHYSICAL DESCRIPTION
Extent 169p
Dimensions ccxlv
365 ## - TRADE PRICE
Price amount Rs. 40,094
505 ## - FORMATTED CONTENTS NOTE
Formatted contents note Contents: <br/>Introduction;<br/>Defining the issues;<br/>Judicial notice. Admissions;<br/>Estoppels;<br/>Burden and standard of proof;<br/>Relevance, admissibility and weight; <br/>previous and subsequent existence of facts; <br/>the best evidence rule;<br/>Attendance of witnesses: witness summonses and letters of request;<br/>Competence and compellability;<br/>oath and affirmation;<br/>Evidence taken or served before trial; <br/>duty to disclose;<br/>Rules of evidence relating to the course of a trial: General;<br/>Rules of evidence relating to the course of a trial;<br/>Examination of witnesses;<br/>Evidence taken after trial;<br/>Corroboration and supporting evidence;<br/>Identification;<br/>Physical conditions;<br/>states of mind and emotions;<br/>Character: <br/>general and introductory;<br/>Good character;<br/>Bad character of the accused (prosecution aspects);<br/>Bad character of the accused (defence aspects);<br/>Bad character of the co-accused;<br/>Bad character of persons other than the accused;<br/>Privilege: legal professional privilege;<br/>Privilege: other forms of privileg;<br/>Facts excluded by public policy;<br/>Loss and abuse <br/>
650 ## - SUBJECT ADDED ENTRY--TOPICAL TERM
Topical term or geographic name entry element 1. Law of Evidence
700 ## - ADDED ENTRY--PERSONAL NAME
Personal name
--
942 ## - ADDED ENTRY ELEMENTS (KOHA)
Source of classification or shelving scheme Dewey Decimal Classification
Koha item type BOOKs
Holdings
Withdrawn status Lost status Source of classification or shelving scheme Damaged status Not for loan Home library Current library Shelving location Date acquired Cost, normal purchase price Total Checkouts Full call number Barcode Date last seen Price effective from Koha item type
    Dewey Decimal Classification   Not For Loan . . REFERENCE SECTION 30.05.2017 40094.00   347.06 PHI-Sup 29018 30.05.2017 30.05.2017 BOOKs